000 00344nam a2200133Ia 4500
005 20260328101522.0
008 260328s9999||||xx |||||||||||||| ||und||
100 _aMaas, Winy
245 0 _aGreen Dream :
_b How future Cities can Outsmart Nature /
_cWiny Maas
260 _bNAI Publishers
300 _a406 p.
650 _aECOLOGÍA
942 _cBK
999 _c9633
_d9633